| 000 | 00709nam a2200205 a 4500 | ||
|---|---|---|---|
| 001 | 3736 | ||
| 005 | 20140414132013.0 | ||
| 008 | 061009s19uu xx 00 eng d | ||
| 020 | _a0-689-71287-1 | ||
| 050 |
_aTR _bAN5 1980 |
||
| 100 | _aBarrett, Judi | ||
| 245 |
_aAnimals should definitely not act like people / _cwritten by Judi Barrett and drawn by Ron Barrett. |
||
| 260 |
_aNew York : _bAladdin Paperbacks, _c1980. |
||
| 300 | _a1 v. p. : ill. ; cm. | ||
| 520 | _aDepicts the inconveniences animals would be burdened with if they behaved like people. | ||
| 650 |
_aAnimals _xJuvenile humor. |
||
| 650 |
_aAnimal behavior _xpictorial works. |
||
| 650 | _aAmerican wit and humor. | ||
| 999 |
_c113322 _d113322 |
||